000 00603nam a2200181Ia 4500
008 151202s9999||||xx |||||||||||||| ||und||
082 _bPNVM-44892
100 _aामािाकारी अविनाश.
245 _a"1,विजयपथ."
260 _b"मेहता पब्लिशींग हाऊस, पुणे."
260 _c2000
300 _a214
600 _aामािाकारी अविनाश.
630 _a"1,विजयपथ."
700 _aामािाकारी अविनाश.
730 _a"1,विजयपथ."
942 _cBOOK
999 _c1310844
_d1310841